Movies Quiz

Random Movies or Role Quiz

Same Role, Different Actors Quiz Stats

 Plays Quiz Updated Dec 12, 2018

Support Sporcle.
Go Orange.
Score 0/25 Timer 06:00
3 Plays Today
% Correct
Sherlock Holmes
70.8%
Robin Hood
63.3%
Santa Claus
60.5%
Robert Downey, Jr.
57.2%
Russell Crowe
57.1%
Kevin Costner
53.3%
Tim Allen
53.1%
Al Pacino
50.7%
Judi Dench
48.1%
The Devil
47.9%
Cate Blanchett
37.9%
Elizabeth Hurley
35.8%
Tim Curry
34.4%
% Correct
Benedict Cumberbatch
32.8%
Paul Giamatti
31.6%
Queen Elizabeth I
30.8%
Cary Elwes
29.7%
Bette Davis
28.7%
Harvey Keitel
28.6%
Errol Flynn
27.5%
Ed Asner
26.6%
Richard Attenborough
20.6%
Basil Rathbone
14.6%
Rupert Everett
11.4%
Glenda Jackson
8.6%

You're not logged in!

Compare scores with friends on all Sporcle quizzes.
OR
Log In
Forgot?

From the Vault

Mini Nurikabe Puzzle VI

by sproutcm

This left us puzzled.
Remove Ads.
Support Sporcle.
Get the best of Sporcle when you Go Orange. This ad-free experience offers more features, more stats, and more fun while also helping to support Sporcle. Thank you for becoming a member.

Show Comments

Extras

Top Quizzes Today


Score Distribution

Your Account Isn't Verified!

In order to create a playlist on Sporcle, you need to verify the email address you used during registration. Go to your Sporcle Settings to finish the process.

Report this User

Report this user for behavior that violates our Community Guidelines.

Details: